| 000 | 00675nam a22001817a 4500 | ||
|---|---|---|---|
| 005 | 20170707095321.0 | ||
| 020 |
_a9789332537781 (v.2) _c250.00 |
||
| 035 | _aB-668112 | ||
| 037 |
_bTechniz/Ven _adpl |
||
| 082 | _a574 | ||
| 100 | _a Rajiv Vijay | ||
| 245 |
_aObjective biology for medical entrance examinations / _cby Rajiv Vijay |
||
| 260 |
_c2016 _aNew Delhi _bPearson Education |
||
| 270 |
_a11 Community Centre,Panchsheel Park _bNew Delhi _e110017 |
||
| 300 |
_c24cm(pbk) _aV.2(320p.) : _bill. |
||
| 942 |
_cEN _2ddc _mRAJ _h574 |
||
| 999 |
_c142346 _d142346 |
||